| 000 | 00488nam a2200157 i 4500 | ||
|---|---|---|---|
| 001 | 65163 | ||
| 003 | ES-MaACL | ||
| 005 | 20230906165317.0 | ||
| 007 | t| | ||
| 008 | 040109s1934 fr ||||1| fre d | ||
| 100 | 1 |
_aFraser, Elizabeth M. _952375 |
|
| 245 | 1 | 3 |
_aLe renouveau religieux d'aprés le roman français de 1886 a 1914 / _cElizabeth M. Fraser. |
| 260 |
_aParis : _bLes Belles Lettres, _c1934 ( _fE. Aubin et Fils) |
||
| 300 |
_aVIII, 218 p. ; _c25 cm. |
||
| 852 |
_aES-MaACL _jA-2486 |
||
| 999 |
_c65163 _d65163 |
||